[Event "JUG-ch53"]
[Site "Belgrade "]
[Date "1998.03.20"]
[Round "7"]
[White "Popovic, Petar"]
[Black "Kovacevic, Aleksandar"]
[Result "1/2-1/2"]
[WhiteElo "2525"]
[BlackElo "2515"]
[PlyCount "21"]
[EventDate "1998.03.14"]
[Source "ChessBase"]
[SourceDate "1998.06.15"]

1. e4 c5 2. Nf3 d6 3. d4 cxd4 4. Nxd4 Nf6 5. Nc3 g6 6. Bc4 Bg7 7. h3 O-O 8. O-O Nc6 9. Be3 Nxe4 10. Bxf7+ Rxf7 11. Nxe4 1/2-1/2

[Event "Najdorf"]
[Site "Buenos Aires Najdorf"]
[Date "1992.??.??"]
[Round "12"]
[White "Brunner, Lucas"]
[Black "Larsen, Bent"]
[Result "1/2-1/2"]
[WhiteElo "2500"]
[BlackElo "2535"]
[PlyCount "68"]
[EventDate "1992.??.??"]
[Source "www.chesslib.no"]
[SourceDate "2004.05.04"]

1. e4 c5 2. Nf3 Nc6 3. d4 cxd4 4. Nxd4 g6 5. Nc3 Bg7 6. Be3 Nf6 7. Bc4 O-O 8. Bb3 d6 9. f3 Nxd4 10. Bxd4 Be6 11. Qd2 Qd7 12. O-O-O b5 13. Rhe1 b4 14. Nd5 Bxd5 15. Bxd5 Nxd5 16. Bxg7 Kxg7 17. exd5 a5 18. Re4 h6 19. Rde1 Rfe8 20. Qd4+ Kh7 21. Qe3 Qf5 22. Qd2 Rac8 23. g4 Qd7 24. h4 Rc5 25. h5 g5 26. Qd3 Qb5 27. Rc4+ Kg8 28. Rxc5 Qxd3 29. cxd3 dxc5 30. Kc2 a4 31. d6 exd6 32. Re6 Rd8 33. Re4 Rd7 34. Rd4 Ra7 1/2-1/2

[Event "Festival des Jeux"]
[Site "Cannes FRA"]
[Date "2008.02.14"]
[Round "6"]
[White "Sanchez, Joseph"]
[Black "Felgaer, R."]
[Result "1-0"]
[WhiteElo "2492"]
[BlackElo "2539"]
[PlyCount "79"]
[EventDate "2008.02.11"]
[Source "www.chesslib.no"]
[SourceDate "2004.05.04"]

1. e4 c5 2. Nf3 Nc6 3. d4 cxd4 4. Nxd4 g6 5. Nc3 Bg7 6. Be3 Nf6 7. Bc4 O-O 8. Bb3 d6 9. h3 Na5 10. O-O b6 11. Re1 Bb7 12. Bg5 Nxb3 13. axb3 a6 14. Qd2 Rc8 15. Nd5 e6 16. Nxf6+ Bxf6 17. Bxf6 Qxf6 18. c4 e5 19. Nc2 Qe6 20. Rad1 b5 21. Na3 Rfd8 22. f3 Rd7 23. Re3 f5 24. Kh2 bxc4 25. Nxc4 fxe4 26. Nb6 d5 27. Nxd7 d4 28. Ree1 Qxd7 29. fxe4 Qe7 30. Rc1 Rf8 31. Qa5 Qg5 32. Rf1 Rxf1 33. Rxf1 Bxe4 34. Rf2 Kg7 35. Qc5 Kh6 36. Qf8+ Kh5 37. Re2 Bf5 38. Qg7 Qf4+ 39. g3 Qf1 40. Qxh7+ 1-0

[Event "LADAC/CAPA"]
[Site "?"]
[Date "1998.10.04"]
[Round "?"]
[White "Kunzmann Hector A.(ARG)"]
[Black "Pietrobono Alfredo Manuel (AR"]
[Result "1/2-1/2"]
[WhiteElo "2487"]
[BlackElo "2544"]
[PlyCount "108"]
[EventDate "1998.??.??"]
[Source "www.chesslib.no"]
[SourceDate "2004.05.04"]

1. e4 c5 2. Nf3 d6 3. d4 cxd4 4. Nxd4 Nf6 5. Nc3 g6 6. Be3 a6 7. f3 Qc7 8. Qd2 e5 9. Nb3 Be6 10. Be2 Nbd7 11. Rd1 Rc8 12. O-O Nb6 13. Bg5 Nfd7 14. Bh6 Nc4 15. Bxc4 Bxh6 16. Qxh6 Bxc4 17. Rf2 Qb6 18. Qd2 Ke7 19. f4 Rhd8 20. Na5 Ke8 21. Nxc4 Rxc4 22. fxe5 Nxe5 23. Nd5 Qxb2 24. Nf6+ Ke7 25. Qg5 Ke6 26. c3 h6 27. Qh4 Qb5 28. Nh7 Qb6 29. Kh1 Kd7 30. Rfd2 Kc8 31. Nf6 Qa5 32. Qxh6 Rxc3 33. Rxd6 Rxd6 34. Rxd6 Kb8 35. Rd1 Rd3 36. Rf1 Qd2 37. Qf8+ Rd8 38. Qe7 Qd4 39. h3 Qd6 40. Qxd6+ Rxd6 41. Rf2 b5 42. g4 Rd3 43. Kg2 Ra3 44. h4 Nd3 45. Rd2 Ne1+ 46. Kf2 Nf3 47. Rd7 Nxh4 48. Rxf7 Rxa2+ 49. Ke3 Ra1 50. Nd5 a5 51. Kd4 Rc1 52. Rf8+ Rc8 53. Rf6 Rc4+ 54. Kd3 Rc5 1/2-1/2

[Event "Tel Aviv"]
[Site "?"]
[Date "1997.??.??"]
[Round "?"]
[White "Gofshtein, L."]
[Black "Summerscale, A."]
[Result "1-0"]
[WhiteElo "2530"]
[BlackElo "2500"]
[PlyCount "73"]
[EventDate "1997.??.??"]
[Source "ChessBase"]
[SourceDate "1997.06.01"]

1. e4 c5 2. Nf3 d6 3. d4 cxd4 4. Nxd4 Nf6 5. Nc3 g6 6. Be3 Bg7 7. h3 O-O 8. Qd2 Nc6 9. O-O-O Bd7 10. g4 Rc8 11. Kb1 Ne5 12. f4 Nc4 13. Bxc4 Rxc4 14. e5 Ne8 15. Qd3 Rc8 16. Qe4 b6 17. Rhe1 e6 18. Bf2 Qe7 19. Qd3 dxe5 20. fxe5 Nc7 21. Nf3 Bc6 22. Bh4 Qc5 23. Nd2 Nd5 24. Nce4 Qa5 25. Nb3 Qa4 26. Qg3 Ba8 27. c3 Kh8 28. Nd4 Nb4 29. cxb4 Bxe4+ 30. Ka1 Bd5 31. a3 Rc4 32. Be7 Rfc8 33. Qe3 Rc3 34. bxc3 Qxa3+ 35. Kb1 Qa2+ 36. Kc1 Be4 37. Qxe4 1-0

[Event "V open di Balagna"]
[Site "Calvi FRA"]
[Date "2008.04.11"]
[Round "8.2"]
[White "Sanchez, Joseph"]
[Black "Cebalo, Miso"]
[Result "1-0"]
[WhiteElo "2507"]
[BlackElo "2520"]
[PlyCount "42"]
[EventDate "2008.??.??"]
[Source "www.chesslib.no"]
[SourceDate "2004.05.04"]

1. e4 c5 2. Nf3 Nc6 3. d4 cxd4 4. Nxd4 g6 5. Nc3 Bg7 6. Be3 Nf6 7. Bc4 O-O 8. Bb3 d6 9. h3 Na5 10. O-O b6 11. Re1 Nxb3 12. axb3 Bb7 13. Bg5 Re8 14. Qd3 a6 15. Rad1 Rc8 16. f4 b5 17. Nde2 b4 18. Na4 h6 19. Bxf6 Bxf6 20. Ng3 Bg7 21. Qe3 Qc7 1-0

[Event "FRA-chT N2 Sud"]
[Site "FRA"]
[Date "2002.11.17"]
[Round "3.1"]
[White "Romero Holmes, Alfonso"]
[Black "Chatalbashev, Boris"]
[Result "1/2-1/2"]
[WhiteElo "2524"]
[BlackElo "2503"]
[PlyCount "69"]
[EventDate "2002.10.13"]
[Source "Roberto Alvarez"]
[SourceDate "2003.07.07"]

1. e4 c5 2. Nf3 Nc6 3. Nc3 g6 4. d4 cxd4 5. Nxd4 Bg7 6. Be3 Nf6 7. Bc4 O-O 8. Bb3 d6 9. h3 Nxd4 10. Bxd4 b5 11. O-O Bb7 12. Qd3 a5 13. Bd5 Nxd5 14. Nxd5 Bxd4 15. Qxd4 Rc8 16. c3 Rc4 17. Qa7 Bxd5 18. exd5 Qc7 19. Qe3 Re8 20. a3 e5 21. dxe6 Rxe6 22. Qd3 Qc5 23. Rfe1 Rf4 24. Re3 Rxe3 25. Qxe3 Qxe3 26. fxe3 Re4 27. Kf2 Kf8 28. Kf3 f5 29. Rd1 Ke7 30. Rd5 Re5 31. Rd4 Ke6 32. a4 bxa4 33. Rxa4 Rb5 34. b4 axb4 35. cxb4 1/2-1/2

[Event "Bern"]
[Site "Bern SUI"]
[Date "1987.??.??"]
[Round "?"]
[White "Campora, Daniel H"]
[Black "King, Daniel J"]
[Result "1-0"]
[WhiteElo "2550"]
[BlackElo "2475"]
[PlyCount "85"]
[EventDate "1987.02.??"]
[Source "www.chesslib.no"]
[SourceDate "2004.05.04"]

1. e4 c5 2. Nc3 d6 3. f4 g6 4. Nf3 Bg7 5. d4 cxd4 6. Nxd4 Nc6 7. Nb3 Nf6 8. Be3 O-O 9. Be2 e5 10. O-O exf4 11. Bxf4 Ne8 12. Qd2 Be6 13. Rad1 Be5 14. Bxe5 Nxe5 15. Nd4 Qb6 16. Qh6 Nc7 17. b3 Qa5 18. Qe3 Rfd8 19. Kh1 Rac8 20. Nxe6 fxe6 21. Qh3 Qc5 22. Nb5 Nxb5 23. Qxe6+ Kh8 24. Rd5 Qxc2 25. Bxb5 Qc7 26. h3 a6 27. Bc4 b5 28. Be2 Qd7 29. Qxd7 Rxd7 30. Rfd1 Rc2 31. Bf1 Nf7 32. e5 Re7 33. exd6 Rd7 34. a4 bxa4 35. bxa4 Rc6 36. Kg1 Rdxd6 37. Rxd6 Nxd6 38. Be2 Kg7 39. Bf3 Rb6 40. a5 Rb5 41. Rxd6 Rxa5 42. Rd7+ Kh6 43. h4 1-0

[Event "Mamaia"]
[Site "?"]
[Date "1991.??.??"]
[Round "?"]
[White "Mitkov, N."]
[Black "Tiviakov, S."]
[Result "0-1"]
[WhiteElo "2490"]
[BlackElo "2535"]
[PlyCount "46"]
[EventDate "1991.??.??"]
[Source "ChessBase"]
[SourceDate "1991.10.01"]

1. e4 c5 2. Nf3 Nc6 3. d4 cxd4 4. Nxd4 g6 5. Nc3 Bg7 6. Be3 Nf6 7. Bc4 O-O 8. O-O d6 9. h3 Bd7 10. Bb3 Rc8 11. Re1 Ne5 12. Qe2 Rxc3 13. bxc3 Nxe4 14. f4 Nxc3 15. Qf1 Nc6 16. Qd3 Qa5 17. Nxc6 Bxc6 18. Bd4 Bxd4+ 19. Qxd4 e6 20. Rxe6 Nb5 21. Qe3 fxe6 22. Qxe6+ Kh8 23. Rd1 Qb6+ 0-1

[Event "RUS-chT"]
[Site "Tomsk"]
[Date "2001.05.16"]
[Round "4"]
[White "Kurochkin, Victor"]
[Black "Kotsur, Pavel"]
[Result "1/2-1/2"]
[WhiteElo "2448"]
[BlackElo "2576"]
[PlyCount "96"]
[EventDate "2001.05.13"]
[Source "ChessBase"]
[SourceDate "2001.07.03"]

1. e4 c5 2. Nf3 d6 3. d4 Nf6 4. Nc3 cxd4 5. Nxd4 Nc6 6. Be2 g6 7. Be3 Bg7 8. Qd2 Ng4 9. Bxg4 Bxg4 10. f3 Bd7 11. Nxc6 bxc6 12. Bh6 Bxh6 13. Qxh6 Qa5 14. Qg7 Rf8 15. Qd4 Qb6 16. O-O-O Qxd4 17. Rxd4 f6 18. Rd2 Rb8 19. Na4 c5 20. Nc3 Bc6 21. Nd5 Kf7 22. c4 Rb7 23. Re1 g5 24. Re3 a5 25. Ra3 Ra8 26. Rad3 Rab8 27. Kb1 Bd7 28. Re3 Be8 29. Kc1 Ke6 30. Ra3 Ra8 31. Re2 Bg6 32. Ree3 Raa7 33. Re2 Kf7 34. Rd3 Ra6 35. Rd1 a4 36. Rde1 e6 37. Ne3 Ke7 38. Rd2 h5 39. h3 Rb8 40. Kc2 Kd7 41. Kc1 Rab6 42. Red1 Ke7 43. Re2 Rb4 44. Rd3 g4 45. hxg4 hxg4 46. Red2 gxf3 47. gxf3 R4b6 48. Rg2 Bf7 1/2-1/2